000 00431nam a22001817a 4500
003 MPLRDC
005 20220104113916.0
008 210129b ||||| |||| 00| 0 eng d
020 _a7-5057-0097-9
082 _a848.2 WYQ v.13
100 _a文亦奇著
245 _a银狐
_c
250 _a一版一刷
260 _a
_b中国友谊出版公司
_c1988
300 _b
650 _a现代别集
942 _cBK
_o848.2 WYQ v.13
999 _c3301
_d3291